[Event "Joao Pessoa op"]
[Site "Joao Pessoa"]
[Date "2023.03.17"]
[Round "2"]
[White "Barbosa, Paulo Eduardo E Sil"]
[Black "Ferreira, Rafael Emiliano"]
[Result "0-1"]
[WhiteElo "2225"]
[BlackElo "1858"]
[PlyCount "46"]
[EventDate "2023.03.17"]
[EventType "swiss"]
[EventRounds "6"]
[EventCountry "BRA"]
[SourceTitle "EXT 2024"]
[Source "ChessBase"]
[SourceDate "2023.10.10"]
[SourceVersion "1"]
[SourceVersionDate "2023.10.10"]
[SourceQuality "1"]

1. d4 d5 2. Nf3 c6 3. g3 Nf6 4. Bg2 Bf5 5. 0-0 Nbd7 6. b3 e6 7. Bb2 Be7 8. Nh4 Be4 9. f3 g5 10. fxe4 gxh4 11. e5 Ng4 12. Bc1 hxg3 13. hxg3 Bg5 14. Rf3 Qe7 15. Bxg5 Qxg5 16. Qd2 Qh5 17. Qf4 0-0 18. Nc3 f6 19. exf6 Ndxf6 20. Qd2 Ne4 21. Nxe4 dxe4 22. Rf4 Qh2+ 23. Kf1 e3 0-1

[Event "Paraiba-ch 25th"]
[Site "Joao Pessoa"]
[Date "2017.12.09"]
[Round "3"]
[White "Da Silva Tomaz, Luiz Antonio"]
[Black "Barbosa, Paulo Eduardo E Sil"]
[Result "0-1"]
[WhiteElo "2102"]
[BlackElo "2237"]
[PlyCount "48"]
[EventDate "2017.12.08"]
[EventType "swiss"]
[EventRounds "5"]
[EventCountry "BRA"]
[SourceTitle "EXT 2019"]
[Source "ChessBase"]
[SourceDate "2018.10.10"]
[SourceVersion "1"]
[SourceVersionDate "2018.10.10"]
[SourceQuality "1"]

1. d4 Nf6 2. Bf4 g6 3. e3 Bg7 4. Nc3 d5 5. h3 0-0 6. Nf3 Nbd7 7. Bd3 c6 8. 0-0 Re8 9. g4 h5 10. g5 Nh7 11. h4 e5 12. dxe5 Nxe5 13. Nxe5 Bxe5 14. Bxe5 Rxe5 15. Qd2 Nxg5 16. f4 Nh3+ 17. Kg2 Re8 18. Rf3 d4 19. f5 dxc3 20. Qxc3 g5 21. hxg5 Nxg5 22. Rg3 f6 23. Bc4+ Kh7 24. Rh1 Bxf5 0-1

[Event "Natal Regiion-ch sf"]
[Site "Natal"]
[Date "2017.11.05"]
[Round "7"]
[White "Souza Neves, Andrey Marcelo"]
[Black "Barbosa, Paulo Eduardo E Sil"]
[Result "1-0"]
[WhiteElo "2210"]
[BlackElo "2254"]
[PlyCount "55"]
[EventDate "2017.11.02"]
[EventType "swiss"]
[EventRounds "7"]
[EventCountry "BRA"]
[SourceTitle "CBM 181 Extra"]
[Source "ChessBase"]
[SourceDate "2017.12.12"]
[SourceVersion "1"]
[SourceVersionDate "2017.12.12"]
[SourceQuality "1"]

1. d4 Nf6 2. c4 g6 3. Nc3 Bg7 4. e4 d6 5. Nf3 0-0 6. Be2 Na6 7. Bg5 h6 8. Bh4 g5 9. Bg3 Nh5 10. Qd2 c5 11. 0-0-0 cxd4 12. Nxd4 Nxg3 13. hxg3 Qa5 14. Kb1 Re8 15. f4 gxf4 16. gxf4 Nb4 17. g4 Bd7 18. Nf5 Bc6 19. Bf3 Bxc3 20. Qxc3 Qxa2+ 21. Kc1 f6 22. Rxh6 Rac8 23. Rg6+ Kf7 24. Rg7+ Kf8 25. Rh1 Qa1+ 26. Kd2 Qxh1 27. Bxh1 Bd7 28. Qh3 1-0

[Event "Natal Potiguar op"]
[Site "Natal"]
[Date "2017.06.03"]
[Round "4"]
[White "Barbosa, Paulo Eduardo E Sil"]
[Black "Dantas, Francisco"]
[Result "1-0"]
[WhiteElo "2279"]
[BlackElo "1905"]
[PlyCount "135"]
[EventDate "2017.06.02"]
[EventType "swiss"]
[EventRounds "6"]
[EventCountry "BRA"]
[SourceTitle "EXT 2018"]
[Source "ChessBase"]
[SourceDate "2017.10.13"]
[SourceVersion "1"]
[SourceVersionDate "2017.10.13"]
[SourceQuality "1"]

1. d4 d5 2. Nf3 Nf6 3. c4 e6 4. g3 dxc4 5. Bg2 c5 6. 0-0 Nc6 7. dxc5 Qxd1 8. Rxd1 Bxc5 9. Nbd2 c3 10. bxc3 0-0 11. Nb3 Bb6 12. Nfd4 Nd5 13. Bb2 Ne5 14. Nd2 Nc6 15. Nc4 Bc7 16. Nb5 Bb8 17. Ba3 Re8 18. e4 Nf6 19. Rd2 a6 20. Nb6 axb5 21. Nxa8 Be5 22. Rd3 b4 23. Bb2 Nd7 24. f4 Nc5 25. Rf3 bxc3 26. Bxc3 Bb8 27. Rff1 Na4 28. Rac1 e5 29. f5 b6 30. Rfd1 Bb7 31. Nxb6 Ba7 32. Rd7 Bxb6+ 33. Kh1 Ba8 34. Ba1 Nc5 35. Rd5 Na6 36. h4 h6 37. Kh2 Bd4 38. Bxd4 Nxd4 39. Ra5 Nb4 40. Rc7 Nbc6 41. Ra4 f6 42. Bf1 Rb8 43. Bc4+ Kh7 44. Bd5 h5 45. Ra6 Rb2+ 46. Kg1 Nf3+ 47. Kf1 Ncd4 48. Rxa8 Rb1+ 49. Kf2 Rb2+ 50. Ke3 Re2+ 51. Kd3 Rd2+ 52. Kc4 Rc2+ 53. Kb4 Rxc7 54. Bg8+ Kh6 55. Bf7 Nc6+ 56. Kc5 Ne7+ 57. Kd6 Rc8 58. Rxc8 Nxc8+ 59. Kc7 Na7 60. a4 Nd4 61. Bd5 g6 62. fxg6 Kxg6 63. Kb7 f5 64. Kxa7 f4 65. gxf4 exf4 66. Kb6 f3 67. Bc4 Kf6 68. a5 1-0

[Event "Paraiban-ch op"]
[Site "Joao Pessoa"]
[Date "2017.01.15"]
[Round "6"]
[White "Barbosa, Paulo Eduardo E Sil"]
[Black "Da Silva Tomaz, Luiz Antonio"]
[Result "1-0"]
[WhiteElo "2263"]
[BlackElo "2095"]
[PlyCount "69"]
[EventDate "2017.01.12"]
[EventType "swiss"]
[EventRounds "6"]
[EventCountry "BRA"]
[SourceTitle "CBM 176 Extra"]
[Source "ChessBase"]
[SourceDate "2017.03.02"]
[SourceVersion "1"]
[SourceVersionDate "2017.03.02"]
[SourceQuality "1"]

1. d4 d5 2. Nf3 Nf6 3. c4 c6 4. Nc3 e6 5. Bg5 Nbd7 6. cxd5 exd5 7. e3 Be7 8. Bd3 Nf8 9. Qc2 Ne6 10. Bh4 g6 11. 0-0 Ng7 12. Rab1 Bf5 13. b4 a6 14. a4 Bxd3 15. Qxd3 Nf5 16. Bg5 0-0 17. b5 axb5 18. axb5 Ra3 19. bxc6 Ne4 20. Bxe7 Qxe7 21. Nxd5 Rxd3 22. Nxe7+ Nxe7 23. Ne5 bxc6 24. Nxd3 Nd2 25. Rb7 Nxf1 26. Kxf1 Nd5 27. Ne5 Ra8 28. Nxf7 Nc3 29. Nh6+ Kh8 30. g4 Ne4 31. f3 Ra1+ 32. Ke2 Ra2+ 33. Kd3 Nd6 34. Rb8+ Kg7 35. g5 1-0

[Event "Recife Arraes Memorial 5th"]
[Site "Recife"]
[Date "2012.09.08"]
[Round "5"]
[White "Barbosa, Paulo Eduardo E Sil"]
[Black "Araujo, Sergio Murilo"]
[Result "1/2-1/2"]
[WhiteElo "2267"]
[BlackElo "2106"]
[PlyCount "148"]
[EventDate "2012.09.06"]
[EventType "swiss"]
[EventRounds "7"]
[EventCountry "BRA"]
[SourceTitle "EXT 2013"]
[Source "ChessBase"]
[SourceDate "2012.11.22"]
[SourceVersion "1"]
[SourceVersionDate "2012.11.22"]
[SourceQuality "1"]

1. d4 d6 2. Nf3 g6 3. c4 Nf6 4. Nc3 Bg7 5. e4 0-0 6. Be2 e5 7. 0-0 Nbd7 8. Be3 Ng4 9. Bg5 f6 10. Bc1 Nh6 11. h3 Nf7 12. Be3 c6 13. Qc2 Qe7 14. Rad1 Bh6 15. Bxh6 Nxh6 16. dxe5 dxe5 17. a3 a5 18. Rd2 Nf7 19. Rfd1 Nc5 20. Na4 Nxa4 21. Qxa4 Be6 22. Qc2 Qc5 23. Qc3 a4 24. Qb4 Qxb4 25. axb4 b6 26. Ne1 Ra7 27. Nc2 Rb8 28. Na3 Kf8 29. Bg4 Ke7 30. Bxe6 Kxe6 31. f3 Ke7 32. Kf2 Rd8 33. b5 Rxd2+ 34. Rxd2 Rd7 35. Ke3 c5 36. Rxd7+ Kxd7 37. Nb1 Nd6 38. Kd3 f5 39. Nc3 Ke6 40. Nxa4 Nc8 41. Nc3 f4 42. Nd5 Kd6 43. Ke2 g5 44. Nf6 h6 45. Ng8 h5 46. Nf6 h4 47. Kd3 Ke6 48. Nd5 Kd7 49. Kc3 Ke6 50. b4 Kd6 51. Kb3 Kd7 52. Ka3 Kd6 53. Ka4 Kd7 54. bxc5 bxc5 55. Ka5 Nd6 56. Nb6+ Kc7 57. Ka6 Nxe4 58. fxe4 g4 59. Nd7 Kxd7 60. b6 f3 61. gxf3 gxf3 62. b7 f2 63. b8Q f1Q 64. Qb7+ Ke8 65. Qc8+ Kf7 66. Qd7+ Kg6 67. Qg4+ Kf7 68. Qh5+ Kf8 69. Qh8+ Kf7 70. Qh7+ Kf8 71. Qh6+ Kf7 72. Qh5+ Kf8 73. Qh8+ Kf7 74. Qh5+ Kf8 1/2-1/2

[Event "Recife Arraes Memorial 5th"]
[Site "Recife"]
[Date "2012.09.07"]
[Round "2"]
[White "Macedo, Maximo Valerio"]
[Black "Barbosa, Paulo Eduardo E Sil"]
[Result "0-1"]
[WhiteElo "2055"]
[BlackElo "2267"]
[PlyCount "106"]
[EventDate "2012.09.06"]
[EventType "swiss"]
[EventRounds "7"]
[EventCountry "BRA"]
[SourceTitle "EXT 2013"]
[Source "ChessBase"]
[SourceDate "2012.11.22"]
[SourceVersion "1"]
[SourceVersionDate "2012.11.22"]
[SourceQuality "1"]

1. f4 d5 2. Nf3 c5 3. g3 Nc6 4. Bg2 Nf6 5. d3 e6 6. 0-0 Be7 7. Nc3 Rb8 8. e4 d4 9. Nb1 b5 10. Qe2 a5 11. Rd1 Ba6 12. Nbd2 Qb6 13. Kh1 0-0 14. Nf1 c4 15. h3 Rfd8 16. g4 Nd7 17. Ng3 Nc5 18. e5 Rbc8 19. Ne1 cxd3 20. cxd3 Bb7 21. Bd2 Na4 22. Rab1 Rd7 23. Ne4 Nb4 24. a3 Na6 25. f5 N6c5 26. Nxc5 Nxc5 27. Bf4 Nb3 28. Be4 Rdc7 29. f6 Bf8 30. g5 a4 31. Kg1 g6 32. h4 b4 33. h5 Bxe4 34. Qxe4 bxa3 35. bxa3 Bxa3 36. hxg6 fxg6 37. Nf3 Qc6 38. Ne1 Bb4 39. Rb2 Qxe4 40. dxe4 Bc3 41. Ra2 Bxe1 42. Rxe1 Ra8 43. Rb1 Nc5 44. Rc1 Raa7 45. Rc4 Nd3 46. Rxc7 Rxc7 47. Bg3 Ra7 48. Ra3 Nb2 49. Bf2 Rd7 50. Be1 d3 51. Bd2 Kf7 52. Kf1 Nc4 53. Rxa4 Nxd2+ 0-1

[Event "Recife Arraes Memorial 5th"]
[Site "Recife"]
[Date "2012.09.06"]
[Round "1"]
[White "Barbosa, Paulo Eduardo E Sil"]
[Black "De Lima, Alan Silva"]
[Result "1-0"]
[WhiteElo "2267"]
[BlackElo "1848"]
[PlyCount "37"]
[EventDate "2012.09.06"]
[EventType "swiss"]
[EventRounds "7"]
[EventCountry "BRA"]
[SourceTitle "EXT 2013"]
[Source "ChessBase"]
[SourceDate "2012.11.22"]
[SourceVersion "1"]
[SourceVersionDate "2012.11.22"]
[SourceQuality "1"]

1. d4 Nf6 2. c4 c6 3. Nc3 d5 4. Nf3 Bg4 5. Ne5 Bf5 6. cxd5 cxd5 7. Qb3 Bc8 8. e4 e6 9. Bb5+ Nfd7 10. exd5 Qe7 11. 0-0 a6 12. dxe6 fxe6 13. Nxd7 Bxd7 14. Bxd7+ Qxd7 15. Re1 Kf7 16. d5 exd5 17. Nxd5 Qb5 18. Nb4+ Kf6 19. Qe6# 1-0

[Event "Natal Potiguar op"]
[Site "Natal"]
[Date "2012.06.09"]
[Round "5"]
[White "Araujo, Felipe Fernandes"]
[Black "Barbosa, Paulo Eduardo E Sil"]
[Result "1/2-1/2"]
[WhiteElo "2236"]
[BlackElo "2261"]
[PlyCount "132"]
[EventDate "2012.06.07"]
[EventType "swiss"]
[EventRounds "7"]
[EventCountry "BRA"]
[SourceTitle "CBM 148 Extra"]
[Source "ChessBase"]
[SourceDate "2012.06.22"]
[SourceVersion "1"]
[SourceVersionDate "2012.06.22"]
[SourceQuality "1"]

1. d4 d5 2. c4 c6 3. Nc3 Nf6 4. Nf3 a6 5. cxd5 cxd5 6. Bf4 Nc6 7. e3 Bg4 8. h3 Bxf3 9. Qxf3 e6 10. Bd3 Rc8 11. 0-0 Be7 12. Rfc1 0-0 13. a3 Na5 14. Qd1 Nc4 15. Qe2 b5 16. a4 Qb6 17. axb5 axb5 18. b3 Na5 19. Nxb5 Nxb3 20. Rxc8 Rxc8 21. Rb1 Nc1 22. Qd2 Nxd3 23. Qxd3 Qa6 24. f3 h6 25. Qf1 Nh5 26. Be5 Bg5 27. Qf2 Be7 28. Qb2 Bh4 29. Nd6 Ra8 30. g4 f6 31. Bh2 Bg3 32. Bxg3 Nxg3 33. Nb5 Qa2 34. Kf2 Qc4 35. Kxg3 Ra2 36. Qc1 Qe2 37. Qg1 Qc4 38. Qf1 Qc2 39. Qg1 Qc4 40. Nd6 Qc7 41. Qc1 Qxd6+ 42. f4 Ra8 43. Rb7 e5 44. fxe5 fxe5 45. Qc7 Qxc7 46. Rxc7 exd4 47. Rd7 dxe3 48. Rxd5 Re8 49. Rd1 Kf7 50. Kf3 Kf6 51. Rd6+ Ke5 52. Rd3 Kf6 53. Rd6+ Kg5 54. Rd5+ Kg6 55. Rd6+ Kh7 56. Rd1 e2 57. Re1 Kg6 58. Rxe2 Rxe2 59. Kxe2 Kf6 60. h4 Ke5 61. Ke3 g6 62. Kf3 g5 63. hxg5 hxg5 64. Ke3 Kd5 65. Kd3 Ke5 66. Ke3 Kd5 1/2-1/2

[Event "Natal Potiguar op"]
[Site "Natal"]
[Date "2012.06.09"]
[Round "6"]
[White "Barbosa, Paulo Eduardo E Sil"]
[Black "Matsuura, Everaldo"]
[Result "0-1"]
[WhiteElo "2261"]
[BlackElo "2480"]
[PlyCount "102"]
[EventDate "2012.06.07"]
[EventType "swiss"]
[EventRounds "7"]
[EventCountry "BRA"]
[SourceTitle "CBM 148 Extra"]
[Source "ChessBase"]
[SourceDate "2012.06.22"]
[SourceVersion "1"]
[SourceVersionDate "2012.06.22"]
[SourceQuality "1"]

1. Nf3 Nf6 2. c4 g6 3. Nc3 Bg7 4. e4 0-0 5. d4 d6 6. Be2 Na6 7. 0-0 e5 8. Be3 Ng4 9. Bg5 f6 10. Bc1 exd4 11. Nxd4 f5 12. h3 Nh6 13. Bf3 f4 14. Rb1 Be5 15. a3 Nc5 16. Nce2 Qg5 17. b4 Bxh3 18. bxc5 dxc5 19. Nf5 gxf5 20. Qd5+ Nf7 21. exf5 c6 22. Qxc5 b6 23. Qxc6 Rac8 24. Qb7 Rc7 25. Qa6 Bxf5 26. Rb3 Be6 27. Bd5 Bxd5 28. cxd5 Kh8 29. Bd2 Nd6 30. Rg3 Qf5 31. Rf3 Qg4 32. Ng3 Rg7 33. Qe2 Nf7 34. Bc3 Bxc3 35. Qe7 Kg8 36. Rxc3 fxg3 37. Rxg3 Qd4 38. Rxg7+ Kxg7 39. Re1 Qxd5 40. Re3 Qd1+ 41. Kh2 Qd6+ 42. Rg3+ Kh8 43. Qxa7 Qh6+ 44. Kg1 Qc1+ 45. Kh2 Qh6+ 46. Kg1 Rc8 47. Rh3 Qc1+ 48. Kh2 Qf4+ 49. Rg3 Qh4+ 50. Rh3 Qxf2 51. Qb7 Qf4+ 0-1

[Event "Natal Potiguar op"]
[Site "Natal"]
[Date "2012.06.08"]
[Round "4"]
[White "Barbosa, Paulo Eduardo E Sil"]
[Black "Caldeira, Adriano"]
[Result "1-0"]
[WhiteElo "2261"]
[BlackElo "2251"]
[PlyCount "59"]
[EventDate "2012.06.07"]
[EventType "swiss"]
[EventRounds "7"]
[EventCountry "BRA"]
[SourceTitle "CBM 148 Extra"]
[Source "ChessBase"]
[SourceDate "2012.06.22"]
[SourceVersion "1"]
[SourceVersionDate "2012.06.22"]
[SourceQuality "1"]

1. d4 Nf6 2. c4 g6 3. Nf3 Bg7 4. Nc3 0-0 5. e4 d6 6. Be2 e5 7. 0-0 Nc6 8. d5 Ne7 9. Nd2 c5 10. a3 Ne8 11. b4 b6 12. Rb1 f5 13. bxc5 bxc5 14. Nb3 Nf6 15. f3 f4 16. Bd2 g5 17. Nb5 g4 18. Ba5 Qd7 19. Nc7 Rb8 20. Ne6 g3 21. h3 Ng6 22. Nxf8 Bxf8 23. Nxc5 dxc5 24. Rxb8 Bd6 25. Rxc8+ Qxc8 26. Qa4 Nh8 27. Qc6 Qf8 28. Bc7 Bxc7 29. Qxc7 Nf7 30. Rb1 1-0

[Event "Natal op-A 9th"]
[Site "Natal"]
[Date "2012.02.21"]
[Round "7"]
[White "Barbosa, Paulo Eduardo E Sil"]
[Black "Pinto, Carlos Henrique Lop"]
[Result "1-0"]
[WhiteElo "2246"]
[BlackElo "2124"]
[PlyCount "99"]
[EventDate "2012.02.17"]
[EventType "swiss"]
[EventRounds "7"]
[EventCountry "BRA"]
[SourceTitle "CBM 147 Extra"]
[Source "ChessBase"]
[SourceDate "2012.04.24"]
[SourceVersion "1"]
[SourceVersionDate "2012.04.24"]
[SourceQuality "1"]

1. d4 d5 2. Nf3 c6 3. c4 e6 4. Nc3 f5 5. cxd5 exd5 6. Qc2 Nf6 7. Bg5 Be7 8. e3 0-0 9. Bd3 Ne4 10. Bf4 Nd7 11. Ne5 g5 12. Nxd7 Bxd7 13. Be5 Bf6 14. Bxf6 Qxf6 15. h4 Nxc3 16. hxg5 Qxg5 17. bxc3 Rf7 18. 0-0-0 b5 19. Kb1 a5 20. Rh3 Qe7 21. Rdh1 b4 22. g4 bxc3 23. Qxc3 Qb4+ 24. Qxb4 axb4 25. gxf5 Ra3 26. e4 b3 27. axb3 Rxb3+ 28. Kc2 Ra3 29. f3 Rg7 30. Kd2 Rg2+ 31. Ke3 c5 32. dxc5 dxe4 33. fxe4 Bb5 34. Kd4 Rd2 35. Rg3+ Kf8 36. Rhh3 h5 37. c6 Bxc6 38. Rxh5 Bb5 39. Rhh3 Rd1 40. e5 Ra4+ 41. Kc5 Bxd3 42. Rxd3 Ra5+ 43. Kd6 Ra6+ 44. Kd5 Rf1 45. f6 Re1 46. Rde3 Rf1 47. Rhf3 Rd1+ 48. Ke4 Kf7 49. Kf5 Rd5 50. Rd3 1-0

[Event "Natal op-A 9th"]
[Site "Natal"]
[Date "2012.02.18"]
[Round "3"]
[White "Barbosa, Paulo Eduardo E Sil"]
[Black "Macedo, Maximo Iack Miranda"]
[Result "1/2-1/2"]
[WhiteElo "2246"]
[BlackElo "2328"]
[PlyCount "61"]
[EventDate "2012.02.17"]
[EventType "swiss"]
[EventRounds "7"]
[EventCountry "BRA"]
[SourceTitle "CBM 147 Extra"]
[Source "ChessBase"]
[SourceDate "2012.04.24"]
[SourceVersion "1"]
[SourceVersionDate "2012.04.24"]
[SourceQuality "1"]

1. d4 Nf6 2. c4 e6 3. g3 d5 4. Bg2 dxc4 5. Nf3 a6 6. 0-0 Nc6 7. e3 Bd7 8. Nc3 Bd6 9. a4 Rb8 10. Qe2 b5 11. axb5 axb5 12. e4 e5 13. Rd1 Bg4 14. dxe5 Nxe5 15. Bf4 Qc8 16. Ra5 Bxf3 17. Bxf3 Nxf3+ 18. Qxf3 Bxf4 19. Qxf4 0-0 20. Rxb5 Rxb5 21. Nxb5 Qb7 22. Nxc7 Qxb2 23. e5 Qe2 24. Rc1 Ne4 25. Nd5 Rd8 26. Ne3 Nd2 27. Kg2 h6 28. Nxc4 Rc8 29. Nd6 Rxc1 30. Qxf7+ Kh7 31. Qf5+ 1/2-1/2

[Event "Joao Pessoa"]
[Site "Joao Pessoa"]
[Date "2011.08.21"]
[Round "8"]
[White "Barbosa, Paulo Eduardo E Sil"]
[Black "Rodi, Luis Ernesto"]
[Result "0-1"]
[WhiteElo "2280"]
[BlackElo "2416"]
[PlyCount "136"]
[EventDate "2011.08.16"]
[EventType "tourn"]
[EventRounds "9"]
[EventCountry "BRA"]
[EventCategory "1"]
[SourceTitle "CBM 144 Extra"]
[Source "ChessBase"]
[SourceDate "2011.10.28"]
[SourceVersion "1"]
[SourceVersionDate "2011.10.28"]
[SourceQuality "1"]

1. Nf3 f5 2. d4 d6 3. c4 Nf6 4. Nc3 g6 5. e3 Bg7 6. Be2 0-0 7. 0-0 Nc6 8. Rb1 e5 9. b4 e4 10. Nd2 g5 11. f3 exf3 12. Nxf3 Ne4 13. Nxe4 fxe4 14. Nd2 Bf5 15. b5 Ne7 16. Qc2 c6 17. bxc6 bxc6 18. Ba3 Qd7 19. Qa4 Bxd4 20. exd4 e3 21. Rxf5 Qxf5 22. Rf1 Qg6 23. Nf3 g4 24. Ne1 Rxf1+ 25. Bxf1 Qf6 26. Nd3 Rb8 27. Qd1 Qxd4 28. Qe2 Nf5 29. c5 d5 30. Bb2 Qc4 31. Be5 Rb1 32. Bf4 h5 33. Bxe3 Qe4 34. Bc1 Qxe2 35. Bxe2 Nd4 36. Kf2 Ne6 37. Bf4 Ra1 38. Bd6 a5 39. Ne5 Rxa2 40. Nxc6 Rc2 41. Ke3 Nxc5 42. Ne7+ Kf7 43. Nxd5 Ke6 44. Bxc5 Rxc5 45. Nf4+ Kd6 46. Kd4 a4 47. Bc4 a3 48. Bg8 Rc2 49. Ke4 h4 50. h3 gxh3 51. gxh3 a2 52. Bxa2 Rxa2 53. Kf5 Ra5+ 54. Kg4 Ra1 55. Kxh4 Rg1 56. Kh5 Ke5 57. Ng6+ Kf6 58. h4 Rg3 59. Nf4 Rg8 60. Ng6 Rg7 61. Nf4 Kf5 62. Kh6 Rg4 63. Nd5 Rxh4+ 64. Kg7 Ra4 65. Ne7+ Ke6 66. Ng6 Ra7+ 67. Kg8 Kf6 68. Nh8 Rb7 0-1

[Event "Joao Pessoa"]
[Site "Joao Pessoa"]
[Date "2011.08.21"]
[Round "9"]
[White "Brito, Luismar Jorge"]
[Black "Barbosa, Paulo Eduardo E Sil"]
[Result "1/2-1/2"]
[WhiteElo "2250"]
[BlackElo "2280"]
[PlyCount "23"]
[EventDate "2011.08.16"]
[EventType "tourn"]
[EventRounds "9"]
[EventCountry "BRA"]
[EventCategory "1"]
[SourceTitle "CBM 144 Extra"]
[Source "ChessBase"]
[SourceDate "2011.10.28"]
[SourceVersion "1"]
[SourceVersionDate "2011.10.28"]
[SourceQuality "1"]

1. e4 e6 2. d4 d5 3. exd5 exd5 4. Bd3 Nc6 5. c3 Bd6 6. Ne2 Nge7 7. 0-0 Bg4 8. f3 Bh5 9. Re1 0-0 10. Bf4 Bg6 11. Bxd6 Qxd6 12. Na3 1/2-1/2

[Event "Joao Pessoa"]
[Site "Joao Pessoa"]
[Date "2011.08.19"]
[Round "5"]
[White "Perdomo, Leandro Daniel"]
[Black "Barbosa, Paulo Eduardo E Sil"]
[Result "1-0"]
[WhiteElo "2384"]
[BlackElo "2280"]
[PlyCount "57"]
[EventDate "2011.08.16"]
[EventType "tourn"]
[EventRounds "9"]
[EventCountry "BRA"]
[EventCategory "1"]
[SourceTitle "CBM 144 Extra"]
[Source "ChessBase"]
[SourceDate "2011.10.28"]
[SourceVersion "1"]
[SourceVersionDate "2011.10.28"]
[SourceQuality "1"]

1. d4 Nf6 2. c4 g6 3. Nc3 Bg7 4. e4 d6 5. f3 0-0 6. Be3 Nbd7 7. Nh3 e5 8. d5 Nc5 9. Nf2 Nh5 10. Qd2 a6 11. Nd3 Nxd3+ 12. Bxd3 Rb8 13. a3 Bd7 14. c5 f5 15. 0-0-0 Qe7 16. b4 Nf4 17. Bc2 a5 18. Kb2 Ra8 19. b5 dxc5 20. g3 Kh8 21. d6 cxd6 22. Qxd6 Qxd6 23. Rxd6 Ng2 24. Bxc5 Rac8 25. Bb6 fxe4 26. Rxd7 exf3 27. Be4 Rc4 28. Rf1 Re8 29. Rxf3 1-0

[Event "Joao Pessoa"]
[Site "Joao Pessoa"]
[Date "2011.08.17"]
[Round "2"]
[White "Barbosa, Paulo Eduardo E Sil"]
[Black "Cavalcanti, Francisco de Assis"]
[Result "0-1"]
[WhiteElo "2280"]
[BlackElo "2291"]
[PlyCount "98"]
[EventDate "2011.08.16"]
[EventType "tourn"]
[EventRounds "9"]
[EventCountry "BRA"]
[EventCategory "1"]
[SourceTitle "CBM 144 Extra"]
[Source "ChessBase"]
[SourceDate "2011.10.28"]
[SourceVersion "1"]
[SourceVersionDate "2011.10.28"]
[SourceQuality "1"]

1. Nf3 Nf6 2. c4 c5 3. g3 Nc6 4. Bg2 d5 5. cxd5 Nxd5 6. 0-0 e5 7. d3 Be7 8. a3 0-0 9. Nbd2 Be6 10. Nc4 f6 11. e3 Qd7 12. Re1 Rfd8 13. Qc2 Rac8 14. b3 b5 15. Ncd2 Nb6 16. Bf1 Bf8 17. Bb2 Qf7 18. Rab1 Na5 19. Ba1 Bd5 20. Rec1 c4 21. dxc4 Bxa3 22. Rd1 bxc4 23. Qa2 Qe7 24. bxc4 Bf7 25. Bc3 Naxc4 26. Nxc4 Rxd1 27. Rxd1 Nxc4 28. Ra1 Qb7 29. Nh4 Bf8 30. Bh3 Rc7 31. Rb1 Nb6 32. Qd2 Qd5 33. Qe1 g5 34. Nf5 Qe4 35. g4 Rxc3 36. Rxb6 Rxe3 37. Nh6+ Kg7 38. Nf5+ Kh8 39. Nxe3 axb6 40. Bg2 Qd4 41. Qb1 Bc5 42. Qf5 Qd8 43. Nf1 Bg6 44. Qe6 Qd6 45. Qc8+ Kg7 46. Ng3 Qd1+ 47. Bf1 Qf3 48. Nh1 Be4 49. Qd7+ Kh6 0-1

[Event "Joao Pessoa"]
[Site "Joao Pessoa"]
[Date "2011.08.16"]
[Round "1"]
[White "Barbosa, Paulo Eduardo E Sil"]
[Black "Rodrigues da Silva, Evandro"]
[Result "1-0"]
[WhiteElo "2280"]
[BlackElo "2161"]
[PlyCount "63"]
[EventDate "2011.08.16"]
[EventType "tourn"]
[EventRounds "9"]
[EventCountry "BRA"]
[EventCategory "1"]
[SourceTitle "CBM 144 Extra"]
[Source "ChessBase"]
[SourceDate "2011.10.28"]
[SourceVersion "1"]
[SourceVersionDate "2011.10.28"]
[SourceQuality "1"]

1. Nf3 d5 2. g3 g6 3. Bg2 Bg7 4. d4 Nf6 5. 0-0 0-0 6. c4 c6 7. b3 Ne4 8. Bb2 Nd7 9. Nbd2 Ndf6 10. Ne5 Nxd2 11. Qxd2 Ne4 12. Qe3 Nf6 13. h3 h5 14. Qf4 Be6 15. g4 hxg4 16. hxg4 Rc8 17. Bf3 b5 18. cxb5 cxb5 19. Kg2 Qd6 20. Rh1 Rc2 21. Bc1 Rfc8 22. Qh2 Qd8 23. Bh6 Qf8 24. Bg5 Qd8 25. Qh4 R8c7 26. Rh2 Nh5 27. gxh5 f6 28. h6 fxe5 29. hxg7 Kf7 30. dxe5 Bf5 31. Qh8 Qxh8 32. gxh8Q 1-0

[Event "Paraiban-ch op"]
[Site "Joao Pessoa"]
[Date "2011.08.06"]
[Round "4"]
[White "Barbosa, Paulo Eduardo E Sil"]
[Black "Lemos, Doriedson"]
[Result "1-0"]
[WhiteElo "2280"]
[BlackElo "2039"]
[PlyCount "80"]
[EventDate "2011.08.05"]
[EventType "swiss"]
[EventRounds "6"]
[EventCountry "BRA"]
[SourceTitle "EXT 2014"]
[Source "ChessBase"]
[SourceDate "2013.11.20"]
[SourceVersion "1"]
[SourceVersionDate "2013.11.20"]
[SourceQuality "1"]

1. Nf3 Nf6 2. c4 c5 3. d4 cxd4 4. Nxd4 b6 5. Nc3 Bb7 6. f3 d6 7. e4 Nbd7 8. Be2 e6 9. Ndb5 Qb8 10. Bf4 e5 11. Be3 a6 12. Na3 Be7 13. Nd5 Bxd5 14. cxd5 0-0 15. 0-0 Qb7 16. Nc4 Nc5 17. Rc1 a5 18. Na3 Nfd7 19. Bb5 Rad8 20. Nc4 f5 21. exf5 Rxf5 22. a3 a4 23. Bxa4 Nxa4 24. Qxa4 b5 25. Qb4 Qxd5 26. Rfd1 Qe6 27. Na5 d5 28. Qxb5 d4 29. Qc6 Nf8 30. Qxe6+ Nxe6 31. Nc6 Rd7 32. Nxe7+ Rxe7 33. Bd2 Kf7 34. a4 Nc7 35. b4 Nd5 36. b5 e4 37. fxe4 Rxe4 38. a5 Ne3 39. Bxe3 dxe3 40. Rf1 Ree5 1-0

[Event "BRA-ch Center East"]
[Site "Brazil"]
[Date "2011.06.23"]
[Round "2"]
[White "Barbosa, Paulo Eduardo E Sil"]
[Black "Do Couto, Januario Pereira"]
[Result "1-0"]
[WhiteElo "2267"]
[BlackElo "1741"]
[PlyCount "33"]
[EventDate "2011.06.22"]
[EventType "swiss"]
[EventRounds "7"]
[EventCountry "BRA"]
[SourceTitle "EXT 2013"]
[Source "ChessBase"]
[SourceDate "2012.11.22"]
[SourceVersion "1"]
[SourceVersionDate "2012.11.22"]
[SourceQuality "1"]

1. Nf3 Nf6 2. c4 g6 3. Nc3 Bg7 4. e4 d6 5. d4 0-0 6. Be2 c5 7. 0-0 cxd4 8. Nxd4 Nc6 9. Nc2 b6 10. Rb1 Bb7 11. f3 Rc8 12. Nd5 Nxd5 13. cxd5 Ne5 14. Bg5 Qc7 15. Rc1 Qc5+ 16. Kh1 e6 17. dxe6 1-0

[Event "Sao Paulo Braga op"]
[Site "Sao Paulo"]
[Date "2011.04.21"]
[Round "2"]
[White "Barbosa, Paulo Eduardo E Sil"]
[Black "Heinrichs, Vivian"]
[Result "1-0"]
[WhiteElo "2254"]
[BlackElo "1912"]
[PlyCount "69"]
[EventDate "2011.04.20"]
[EventType "swiss"]
[EventRounds "9"]
[EventCountry "BRA"]
[SourceTitle "EXT 2022"]
[Source "ChessBase"]
[SourceDate "2021.10.06"]
[SourceVersion "1"]
[SourceVersionDate "2021.10.06"]
[SourceQuality "1"]

1. Nf3 c5 2. c4 Nc6 3. g3 e5 4. Nc3 g6 5. Bg2 Bg7 6. d3 Nge7 7. a3 d6 8. Rb1 a5 9. 0-0 h6 10. Nb5 0-0 11. e3 Be6 12. Qc2 Rb8 13. Bd2 b6 14. b4 cxb4 15. axb4 axb4 16. Bxb4 Nxb4 17. Rxb4 d5 18. Nd2 Nc6 19. Rbb1 Na5 20. Rfd1 Qc8 21. Rbc1 dxc4 22. dxc4 Qc5 23. Ne4 Qxc4 24. Qb1 Qb3 25. Nc7 Qxb1 26. Rxb1 Bb3 27. Rd2 f5 28. Nd6 e4 29. Ncb5 Nc4 30. Nxc4 Bxc4 31. Rd6 Bd3 32. Rb3 Rf6 33. Rd7 Rc6 34. Rbxd3 exd3 35. Bxc6 1-0